000
00263nam a22001217a 4500
008
260212b ||||| |||| 00| 0 eng d
041
_a
Shqip
080
_a
2.1
100
_a
20
101
_a
shqip
245
_a
Gruja e Vetmis
_c
Ibrahim Berisha
942
_2
lcc
_c
BK
999
_c
60795
_d
60795